| 000 | 00467nam a2200217Ia 4500 | ||
|---|---|---|---|
| 003 | IT-RoPAU | ||
| 008 | 120407s9999 xx 000 0 und d | ||
| 040 | _aIT-RoPAU | ||
| 040 | _cIT-RoPAU | ||
| 041 | _aita | ||
| 100 | _aIgnazio Sanna | ||
| 245 | _aLa cristologia antropologica di P. Karl Rahner | ||
| 250 | _aRoma | ||
| 260 | _aEdizioni Paoline | ||
| 260 | _c1970 | ||
| 300 | _a340 p. | ||
| 300 | _c18 cm | ||
| 490 | _v1 | ||
| 942 | _cBK | ||
| 999 |
_c32981 _d32981 |
||